Sundar Singh : (Record no. 7475)

MARC details
000 -LEADER
fixed length control field 00603nam a2200181Ia 4500
003 - CONTROL NUMBER IDENTIFIER
control field GBCCL
005 - DATE AND TIME OF LATEST TRANSACTION
control field 20241126110629.0
008 - FIXED-LENGTH DATA ELEMENTS--GENERAL INFORMATION
fixed length control field 180816b ||||| |||| 00| 0 eng d
040 ## - CATALOGING SOURCE
Transcribing agency gbc
082 ## - DEWEY DECIMAL CLASSIFICATION NUMBER
Classification number 248.26092
Item number SUN
100 ## - MAIN ENTRY--PERSONAL NAME
Personal name Appasamy, A J
9 (RLIN) 13217
245 ## - TITLE STATEMENT
Title Sundar Singh :
Remainder of title a biography/
Statement of responsibility, etc. A J Appasamy
260 ## - PUBLICATION, DISTRIBUTION, ETC.
Date of publication, distribution, etc. 1985.
Place of publication, distribution, etc. Madras:
Name of publisher, distributor, etc. Christian literature society,
300 ## - PHYSICAL DESCRIPTION
Extent 226p.;
505 ## - FORMATTED CONTENTS NOTE
Formatted contents note A classic account of the life and teaching of Sundar Singh, the high-caste Sikh who converted to Christianity.
650 ## - SUBJECT ADDED ENTRY--TOPICAL TERM
Topical term or geographic name entry element Singh, Sundar,
General subdivision biography
Chronological subdivision 1889-1929
9 (RLIN) 13218
942 ## - ADDED ENTRY ELEMENTS (KOHA)
Source of classification or shelving scheme Dewey Decimal Classification
Koha item type Books
Koha issues (borrowed), all copies 1
Holdings
Withdrawn status Lost status Source of classification or shelving scheme Damaged status Not for loan Home library Current Library Shelving location Date acquired Total checkouts Full call number Barcode Date last seen Date last checked out Copy number Price effective from Koha item type
    Dewey Decimal Classification     GRACE BIBLE COLLEGE GRACE BIBLE COLLEGE Ministry & Mission 2018-08-16 1 248.26092 SUN 002641 2025-05-01 2024-11-04 c.1 2018-08-16 Books
© Grace Bible College Library 2025